01472cam a22003371a 450000100060000000300080000600500170001400800390003103500190007003500190008904000430010804100080015108200150015910000390017424500810021326000820029430000250037649000540040150400560045550400200051165000780053165000670060965000560067665000540073265100590078665100560084565100550090194200120095699900170096895201490098522934BD-RjUL20211209000855.0140309s1967 mdu b 001 0 eng a(BD-RjUL)22999 a(OCoLC)8503101 aDLCcOWibfCdOWibfCdDLCdBD-RjULbeng aeng a821.4bBRA1 aBrinkley, Roberta Florence.97071610aArthurian legend in the seventeenth century /cby Roberta Florence Brinkley. aBaltimore :bJohns Hopkins ;aLondon :bH. Milford, Oxford University,c1967. axi, 228 p. ;c20 cm.0 aJohns Hopkins monographs in literary history ;v3 a"Commentary and bibliographical notes": p. 197-224. aIncludes index. 0aEnglish literatureyEarly modern, 1500-1700xHistory and criticism953256 0aArthurian romancesxAdaptationsxHistory and criticism.970717 0aMedievalismzEnglandxHistoryy17th century.970718 0aArthurian romancesxAppreciationzEngland.970719 0aGreat BritainxIntellectual lifey17th century.955006 0aGreat BritainxKings and rulersxSuccession.970720 0aGreat BritainxHistoryyStuarts, 1603-1714.970721 2ddccBK c22934d22934 00102ddc40728FICaRUCLbRUCLcReadingd1975-12-19eJonhanathan wren & co.g2.80l0o821.4 BRA 1967r2014-03-09 00:00:00tC-1w2014-03-09yBK